Statistics for English Geography (for Italians)

Click here to take the quiz!

General Stats

  • This quiz has been taken 282 times
    (276 since last reset)
  • The average score is 13 of 37

Answer Stats

ItalianEnglish% Correct
oceanoocean
98%
lagolake
95%
montagnamountain
95%
forestaforest
94%
fiumeriver
91%
vallevalley
69%
spiaggiabeach
66%
collinahill
66%
golfogulf
64%
stradaroad
59%
alberotree
59%
baiabay
58%
cascatawaterfall
50%
boscowood
46%
pianuraplain
35%
scoglieracliff
28%
cimapeak
28%
ghiacciaioglacier
24%
ruscellostream
20%
stagnopond
18%
rivashore
14%
tracciatotrack
13%
corsia/strada sterratalane
10%
pozzangherapuddle
10%
affluentetributary
10%
altopianohighland
9%
ruscellettobrook
7%
gola/burronegorge
7%
collinettahillock
6%
insenaturainlet
6%
promontoriocape
5%
foceestuary
5%
crestaridge
5%
agglomerato urbanoconurbation
3%
sentierofootpath
3%
macchiacopse
2%
cavitàhollow
2%

Score Distribution

Percentile by Number Answered

Percent of People with Each Score

Your Score History

You have not taken this quiz since the last reset